000 00584nam a2200169 i 4500
001 140659
003 ES-MaACL
005 20230906200126.0
007 t|
008 070914s1956 sp ||||1| spa d
100 1 _aWeisse, Karlhans.
_9116415
245 1 0 _aAcústica de los locales
_b: compendio para arquitectos e ingenieros /
_cKarlhans Weisse ; versión del alemán por José María Mantero.
260 _aBarcelona :
_bGustavo Gili,
_c1956.
300 _a118 p., 7 gráf. :
_bil. ;
_c22 cm.
700 1 _aMantero, José María.
_976154
852 _aES-MaACL
_jC-11765
_bR.39683
999 _c140659
_d140659